Statistics for London by Picture

Click here to take the quiz!

General Stats

  • This quiz has been taken 12,294 times
  • The average score is 11 of 16

Answer Stats

Answer % Correct
Elizabeth Tower
99%
London Eye
93%
London Underground
91%
Buckingham Palace
91%
Westminster Abbey
79%
Saint Paul's Cathedral
75%
Tower of London
72%
Horatio Nelson
72%
Harrods
72%
Piccadilly Circus
69%
The Shard
67%
Beefeater
58%
Royal Albert Hall
50%
Millennium Bridge
47%
British Museum
46%
{Lloyd}'s Building
18%

Score Distribution

Percentile by Number Answered

Percent of People with Each Score

Your Score History

You have not taken this quiz